000 00702nam a2200241Ia 4500
003 OSt
005 20220927105729.0
006 a|||||r|||| 00| 0
007 ta
008 220926b |||||||| |||| 00| 0 eng d
020 _a97811481897341
024 _a201677
037 _cReference Collections
040 _aRTL
_cRTL
_beng
041 _2eng
_aeng
082 _a"YxM58:g, Q3"
100 _aNANDAN Yash
_9374506
245 0 _aEmile Durkheim
_b Geography and demography in social morphology of L'Annee sociology
260 _a"USA,"
_bCharleston.
_c2013
300 _a"xiv,249p."
_ccm.
942 _h"YxM58:g, Q3"
_cCC
999 _c694193
_d694193